Czy Masz Więcej Niż 2IQ #4 - Statystyki

Ogólne statystyki
  • Ten quiz został rozwiązany 298 razy
  • Średni wynik to 6 z 8
Statystyki odpowiedzi
Pytanie Odpowiedź % Poprawnych
Stolicą Polski jest: Warszawa
100%
Najdłuższą rzeką w Polsce jest Wisła
100%
H2O Woda
95%
Najmniejszym państwem na świecie jest Watykan
89%
Stolica USA Waszyngton
86%
Imię żeńskie podobne do slowa zwycięstwo z angielskiego Wiktoria
82%
Polak _____ dwa bratanki Węgier
73%
Przedmiot spotykany przeważnie w sklepie Wózek
22%
Nie znaleziono quizów pasujących do podanych kryteriów
Rozkład punktacji
Procent ludzi z każdym wynikiem
Percentyl według liczby udzielonych odpowiedzi
Twoja historia wyników
Nie rozwiązałeś tego quizu